| 000 | 00000nam 2200000za 4500 |
| 001 | 9.581564 |
| 003 | CaOODSP |
| 005 | 20220204122150 |
| 007 | cr ||||||||||| |
| 008 | 150406s1972 xxc|||||o f|0| 0 eng d |
| 040 | |aCaOODSP|beng |
| 043 | |an-cn--- |
| 086 | 1 |aFs94-167E-PDF |
| 245 | 02|aA practical handbook of seawater analysis |h[electronic resource] / |cby J.D.H. Strickland and T.R. Parsons. |
| 250 | |a2nd ed. |
| 260 | |aOttawa : |bFisheries Research Board of Canada, |c1972. |
| 300 | |a328 p. : |bfigs. |
| 490 | 1 |aBulletin ; |vno. 167 |
| 500 | |aDigitized from print edition. |
| 546 | |aAbstract in French. |
| 590 | |a15-03-Supp|b2015-03-13 |
| 690 | 07|aFisheries management|2gcpds |
| 710 | 2 |aFisheries Research Board of Canada. |
| 830 | #0|aBulletin (Fisheries Research Board of Canada)|vno. 167|w(CaOODSP)9.504777 |
| 856 | 40|ahttp://publications.gc.ca|qPDF|s25.05 MB|uhttps://publications.gc.ca/collections/collection_2015/mpo-dfo/Fs94-167-eng.pdf|yBulletin 167 |